000 00362cam a2200145ua 4500
041 _aeng
_h
082 _a940
_bLIT/HI
100 _aLittlefield, Henry W .
245 _aHistory of europe /
_cHenry W Littlefield.
_hTextual Documents
260 _aNew York :
_bBarnes & Noble ,
_c1958.
300 _a322 ; .
504 _a
942 _cBK
999 _c6217
_d6217